LEADER 01164nam a2200289 i 4500 001 991002408969707536 005 20020507163610.0 008 000529s1987 it ||| | fre 020 $a2728301425 035 $ab11652834-39ule_inst 035 $aLE02736200$9ExL 040 $aDip.to Studi Giuridici$bita 082 0 $a332.0937 084 $aR-XV/C 100 1 $aAndreau, Jean$0139630 245 13$aLa vie financière dans le monde romain :$bles métiers de manieurs d'argent, 4. siècle av. J. C.-3. ap. J.-C. /$cpar Jean Andreau 260 $aRoma :$bEcole francaise de Rome,$c1987 300 $aviii, 792 p., [6] c. di tav. :$bill. ;$c25 cm. 490 0 $aBibliothèque des écoles françaises d'Athènes et de Rome ;$v265 650 4$aBanche$zRoma antica$ySec. 4. a.C.-3. 650 4$aFinanza$zRoma antica$ySec. 4. a. C.-3. 907 $a.b11652834$b27-04-17$c02-07-02 912 $a991002408969707536 945 $aLE027 R-XV/C 20$g1$iLE027CL-1247$lle027$o-$pE0.00$q-$rl$s- $t0$u0$v0$w0$x0$y.i11878459$z02-07-02 996 $aVie financière dans le monde romain$924916 997 $aUNISALENTO 998 $ale027$b01-01-00$cm$da $e-$ffre$git $h3$i1 LEADER 01925oam 2200493M 450 001 9910716314903321 005 20200213070632.3 035 $a(CKB)5470000002520990 035 $a(OCoLC)1066030171 035 $a(OCoLC)995470000002520990 035 $a(EXLCZ)995470000002520990 100 $a20071213d1926 ua 0 101 0 $aeng 135 $aurcn||||||||| 181 $ctxt$2rdacontent 182 $cc$2rdamedia 183 $acr$2rdacarrier 200 10$aAuthorizing the Comptroller General to allow credit to certain contractors. May 5, 1926. -- Committed to the Committee of the Whole House on the State of the Union and ordered to be printed 210 1$a[Washington, D.C.] :$c[U.S. Government Printing Office],$d1926. 215 $a1 online resource (10 pages) 225 1 $aHouse report / 69th Congress, 1st session. House ;$vno. 1085 225 1 $a[United States congressional serial set] ;$v[serial no. 8533] 300 $aBatch processed record: Metadata reviewed, not verified. Some fields updated by batch processes. 300 $aFDLP item number not assigned. 606 $aCredit 606 $aDefense contracts 606 $aGovernment contractors 606 $aLegislative amendments 606 $aWorld War, 1914-1918 608 $aLegislative materials.$2lcgft 615 0$aCredit. 615 0$aDefense contracts. 615 0$aGovernment contractors. 615 0$aLegislative amendments. 615 0$aWorld War, 1914-1918. 701 $aGraham$b George Scott$f1850-1931.$pRepublican (PA)$01386798 801 0$bWYU 801 1$bWYU 801 2$bOCLCO 801 2$bOCLCQ 906 $aBOOK 912 $a9910716314903321 996 $aAuthorizing the Comptroller General to allow credit to certain contractors. May 5, 1926. -- Committed to the Committee of the Whole House on the State of the Union and ordered to be printed$93482194 997 $aUNINA